Southville International School and Colleges
Your cart is empty.
  • Cart
  • Lists
    Public lists Eva Luna New books Lux_list list_1
    Your lists Log in to create your own lists
  • Log in to your account
  • Your cookies
  • Search history
Southville International School and Colleges
  • Advanced search
  • Recent comments
  • Most popular
  • Libraries

Log in to your account

Log in with GOOGLE


If you do not have an external account, but do have a local account, you can still log in:

  1. Home
  2. MARC view: Snow Lion /
Normal view MARC view ISBD view

Snow Lion / (Record no. 105773)

[ view plain ]
MARC details
000 -LEADER
fixed length control field 00589nam a2200181 a 4500
005 - DATE AND TIME OF LATEST TRANSACTION
control field 20140412111414.0
008 - FIXED-LENGTH DATA ELEMENTS--GENERAL INFORMATION
fixed length control field 070703s19uu xx 00 eng d
020 ## - INTERNATIONAL STANDARD BOOK NUMBER
International Standard Book Number 0-8193-1097-2
050 ## - LIBRARY OF CONGRESS CALL NUMBER
Classification number ER
Item number Sn1 1983
100 ## - MAIN ENTRY--PERSONAL NAME
Personal name McPhail, David
245 ## - TITLE STATEMENT
Title Snow Lion /
Statement of responsibility, etc David McPhail.
260 ## - PUBLICATION, DISTRIBUTION, ETC. (IMPRINT)
Place of publication, distribution, etc U.S.A,
Date of publication, distribution, etc 1983.
520 ## - SUMMARY, ETC.
Summary, etc Lion, finding the jungle too hot for comfort, visits the mountains and falls in love with the cold fluffy white snow that covers the ground here.
650 ## - SUBJECT ADDED ENTRY--TOPICAL TERM
Topical term or geographic name as entry element Lions--Fiction
650 ## - SUBJECT ADDED ENTRY--TOPICAL TERM
Topical term or geographic name as entry element Snow--Fiction
650 ## - SUBJECT ADDED ENTRY--TOPICAL TERM
Topical term or geographic name as entry element Jungle Animals--Fiction
Holdings
Withdrawn status Lost status Damaged status Home library Current library Shelving location Date acquired Source of acquisition Total Checkouts Full call number Barcode Date last seen Price effective from Koha item type
      Elizalde Library Elizalde Library Easy Reading Section 07/03/2007     ER Sn1 1983 E10650 04/12/2014 04/12/2014 Books

Snow Lion /

APA

McPhail D., . (1983). Snow Lion. U.S.A: .

Chicago

McPhail David, . 1983. Snow Lion. U.S.A: .

Harvard

McPhail D., . (1983). Snow Lion. U.S.A: .

MLA

McPhail David, . Snow Lion. U.S.A: . 1983.

  • Place hold
  • Print
  • Cite
  • Add to your cart (remove)
  • Save record
    BIBTEX Dublin Core MARCXML MARC (non-Unicode/MARC-8) MARC (Unicode/UTF-8) MARC (Unicode/UTF-8, Standard) MODS (XML) RIS
  • More searches
    Search for this title in:
    Other Libraries (WorldCat) Other Databases (Google Scholar) Online Stores (Bookfinder.com) Open Library (openlibrary.org)

Exporting to Dublin Core...

SOUTHVILLE LIBRARY

Southville International School and Colleges Library

1281 Tropical Ave. Cor. Luxembourg St., BF Homes International, Las Pinas City

Tel. No. 8256374 / 252358 Loc. 117/146

Powered by Koha